Leadership without borders successful strategies from world-class leaders

Enregistré dans:
Détails bibliographiques
Auteur principal: Cohen, Ed
Format: Livre
Langue:anglais
Publié: Singapore John Wiley & Sons 2007
Sujets:
Tags: Ajouter un tag
Pas de tags, Soyez le premier à ajouter un tag!

MARC

LEADER 00000nam a2200000 4500
001 0137243
005 20240314085817.6
020 |a 978-0-470-82227-2 
041 0 |a eng 
044 |a SG 
245 1 0 |a Leadership without borders  |b successful strategies from world-class leaders  |c Ed Cohen 
264 1 |a Singapore  |b John Wiley & Sons  |c 2007 
300 |a 283 s. 
610 2 0 |a lídri 
610 2 0 |a vodcovstvo 
610 2 0 |a globalizácia 
610 2 0 |a schopnosti pracovné 
610 2 0 |a podnikanie medzinárodné 
610 2 0 |a štúdie prípadové 
100 1 |a Cohen, Ed